[Event "Niedersachsen-ch op C"]
[Site "Verden"]
[Date "2018.01.05"]
[Round "4"]
[White "Spieker, Monika"]
[Black "Schlie, Valentin"]
[Result "0-1"]
[WhiteElo "766"]
[BlackElo "800"]
[PlyCount "62"]
[EventDate "2018.01.04"]
[EventType "swiss"]
[EventRounds "7"]
[EventCountry "GER"]
[SourceTitle "EXT 2022"]
[Source "ChessBase"]
[SourceDate "2021.10.06"]
[SourceVersion "1"]
[SourceVersionDate "2021.10.06"]
[SourceQuality "1"]

1. d4 d5 2. c4 c6 3. Nd2 e6 4. g3 Be7 5. Bg2 Bb4 6. a3 Bxd2+ 7. Bxd2 dxc4 8. Nf3 f6 9. 0-0 Ne7 10. Be3 0-0 11. Rc1 b5 12. Qc2 Ba6 13. Nd2 Qd7 14. Ne4 Nf5 15. Bd2 Nxd4 16. Nc5 Qd6 17. Qd1 Qxc5 18. Be3 Rd8 19. b4 Qb6 20. Re1 c5 21. bxc5 Qxc5 22. Ra1 c3 23. Bxa8 Qc4 24. Bg2 c2 25. Qc1 Nxe2+ 26. Rxe2 Qxe2 27. Bxa7 Rd1+ 28. Qxd1 cxd1Q+ 29. Rxd1 Qxd1+ 30. Bf1 b4 31. axb4 Qxf1# 0-1

[Event "Niedersachsen-ch op C"]
[Site "Verden"]
[Date "2018.01.04"]
[Round "1"]
[White "Schlie, Valentin"]
[Black "Kieselbach, Jannik"]
[Result "0-1"]
[WhiteElo "800"]
[BlackElo "1286"]
[PlyCount "108"]
[EventDate "2018.01.04"]
[EventType "swiss"]
[EventRounds "7"]
[EventCountry "GER"]
[SourceTitle "EXT 2022"]
[Source "ChessBase"]
[SourceDate "2021.10.06"]
[SourceVersion "1"]
[SourceVersionDate "2021.10.06"]
[SourceQuality "1"]

1. d4 d5 2. e3 Nf6 3. Bd3 Nc6 4. c3 a6 5. f4 Bg4 6. Nf3 Bxf3 7. Qxf3 e6 8. a3 Bd6 9. Nd2 b5 10. Qd1 Qd7 11. Nf3 Qe7 12. Ne5 Bxe5 13. dxe5 Nd7 14. Qf3 Nc5 15. Bc2 Rd8 16. Bd2 Qd7 17. a4 Na7 18. b3 Ne4 19. Bd3 Nxd2 20. Kxd2 c6 21. axb5 axb5 22. e4 dxe4 23. Qxe4 Nc8 24. Kc2 Ne7 25. Rhd1 Qc7 26. Bxb5 Rxd1 27. Ra8+ Rd8 28. Rxd8+ Kxd8 29. Qd4+ Ke8 30. Bc4 Qd7 31. Qd6 Qxd6 32. exd6 Nd5 33. Bxd5 exd5 34. c4 dxc4 35. bxc4 Kd7 36. c5 Re8 37. Kd3 f5 38. g4 fxg4 39. Kd4 Re2 40. Kd3 Rxh2 41. Ke4 g3 42. Kf3 g2 43. Kf2 Rh4 44. Kxg2 Rxf4 45. Kg3 Rc4 46. Kf3 h5 47. Kg3 g5 48. Kf3 h4 49. Ke3 g4 50. Kd3 Ra4 51. Kc3 h3 52. Kb3 Rf4 53. Kc3 h2 54. Kd3 h1Q 0-1

[Event "GER-chT U10"]
[Site "Magdeburg"]
[Date "2016.12.28"]
[Round "5.2"]
[White "Schlange, Tamara"]
[Black "Schlie, Valentin"]
[Result "1-0"]
[WhiteElo "600"]
[BlackElo "770"]
[PlyCount "75"]
[EventDate "2016.12.27"]
[EventType "team-swiss"]
[EventRounds "7"]
[EventCountry "GER"]
[SourceTitle "EXT 2018"]
[Source "ChessBase"]
[SourceDate "2017.10.13"]
[SourceVersion "1"]
[SourceVersionDate "2017.10.13"]
[SourceQuality "1"]
[WhiteTeam "Magdeburg Schachzwerge II"]
[BlackTeam "Hagen II"]
[WhiteTeamCountry "GER"]
[BlackTeamCountry "GER"]

1. e4 e5 2. Nf3 Nc6 3. Bc4 Nd4 4. Nxe5 f6 5. Ng4 Ne7 6. 0-0 Ng6 7. d3 Bc5 8. c3 Nc6 9. b4 Bf8 10. b5 Nce7 11. h3 c6 12. a4 cxb5 13. axb5 a6 14. Ne3 Nf4 15. Ng4 Neg6 16. d4 Bd6 17. Ba3 Bxa3 18. Rxa3 Qe7 19. Ra2 Qxe4 20. Ne3 Qe7 21. Kh2 d6 22. Qb3 Qc7 23. Re1 Kd8 24. Nd2 Qb6 25. Ne4 f5 26. Ng3 Nh4 27. Qd1 Bd7 28. Qh5 Nfg6 29. Qg5+ Kc8 30. Ngxf5 Bxf5 31. Nxf5 Nxf5 32. Qxf5+ Kc7 33. Rae2 axb5 34. Bd5 Rab8 35. Qf7+ Kc8 36. Re8+ Rxe8 37. Rxe8+ Qd8 38. Be6# 1-0